Supply chain management (Record no. 396970)

MARC details
000 -LEADER
fixed length control field 00540 a2200205 4500
005 - DATE & TIME
control field 20260226115721.0
008 - FIXED-LENGTH DATA ELEMENTS--GENERAL INFORMATION
fixed length control field 260226b |||||||| |||| 00| 0 eng d
020 ## - ISBN
International Standard Book Number 9789393631855
Price Rs. 695.00
040 ## - CATALOGING SOURCE
Original cataloging agency VIVEKANANDA LIBRARY
082 ## - DDC NUMBER
Classification number 658.7
Book Number S18S
100 ## - MAIN ENTRY--PERSONAL NAME
Personal name Sagar, Sephalika
245 ## - TITLE STATEMENT
Title Supply chain management
260 ## - PUBLICATION, DISTRIBUTION, ETC. (IMPRINT)
Name of publisher, distributor, etc Oxford Publishers
Date of publication, distribution, etc 2025
Place of publication, distribution, etc New Delhi
300 ## - PHYSICAL DESCRIPTION
Pages viii, 144
650 ## - Subject
Subject Distribution(Commerce)
650 ## - Subject
Subject Purchasing
650 ## - Subject
Subject Inventory Control
700 ## - Added Entry Personal Name
Added Entry Personal Name Tripathi, Prabhat Kumar
942 ## - ADDED ENTRY ELEMENTS (KOHA)
Koha item type Books
Holdings
Withdrawn status Lost status Source of classification or shelving scheme Damaged status Not for loan Location (home branch) Sublocation or collection (holding branch) Shelving location Date acquired Koha issues (times borrowed) Koha full call number Accession No. Koha date last seen Koha item type
    Dewey Decimal Classification     VIVEKANANDA LIBRARY VIVEKANANDA LIBRARY IMSAR Library 11/02/2026   658.7 S18S 420829 11/02/2026 Books
    Dewey Decimal Classification     VIVEKANANDA LIBRARY VIVEKANANDA LIBRARY IMSAR Library 11/02/2026   658.7 S18S 420830 11/02/2026 Books
© Designed and Maintained by Vivekananda Library, MDU Rohtak